000 00355nam a2200133Ia 4500
008 240624s9999 xx 000 0 und d
041 _aeng
082 _a658.0072 PAC
100 _aPACEK NENAD
245 _aEMERGING MARKETS LESSONS FOR BUSINESS SU
260 _c2004
_aNew Delhi
_bThe Economist
300 _avii, : 216 : p. : cm. ; 22
365 _cRS
_b33
999 _c10812
_d10812